Financial intermediaries in India. (Record no. 69161)
[ view plain ]
| 000 -LEADER | |
|---|---|
| fixed length control field | 00686cam a22002291 4500 |
| 001 - CONTROL NUMBER | |
| control field | sa 66003900 |
| 003 - CONTROL NUMBER IDENTIFIER | |
| control field | DLC |
| 005 - DATE AND TIME OF LATEST TRANSACTION | |
| control field | 20260227112239.0 |
| 008 - FIXED-LENGTH DATA ELEMENTS--GENERAL INFORMATION | |
| fixed length control field | 740207s1965 xx 000 0 eng |
| 010 ## - LIBRARY OF CONGRESS CONTROL NUMBER | |
| LC control number | sa 66003900 |
| 035 ## - SYSTEM CONTROL NUMBER | |
| System control number | (OCoLC)792504 |
| 040 ## - CATALOGING SOURCE | |
| Original cataloging agency | DLC |
| Transcribing agency | MWP |
| Modifying agency | OCoLC |
| -- | DLC |
| 042 ## - AUTHENTICATION CODE | |
| Authentication code | premarc |
| 050 00 - LIBRARY OF CONGRESS CALL NUMBER | |
| Classification number | HG188.I6 |
| Item number | J6 |
| 100 1# - MAIN ENTRY--PERSONAL NAME | |
| Personal name | Joshi, M. S. |
| Titles and words associated with a name | (Writer on economics) |
| 245 10 - TITLE STATEMENT | |
| Title | Financial intermediaries in India. |
| 260 ## - PUBLICATION, DISTRIBUTION, ETC. | |
| Place of publication, distribution, etc. | [Bombay, |
| Name of publisher, distributor, etc. | T. V. Chidambaran] |
| Date of publication, distribution, etc. | 1965. |
| 300 ## - PHYSICAL DESCRIPTION | |
| Extent | xiii, 285p. |
| Dimensions | 22cm. |
| 410 20 - SERIES STATEMENT/ADDED ENTRY--CORPORATE NAME [OBSOLETE, CAN/MARC], [LOCAL, USA] | |
| Corporate name or jurisdiction name as entry element | University of Bombay |
| Title of a work | Series in monetary and international economics, |
| Volume number/sequential designation | no. 8. |
| 650 #0 - SUBJECT ADDED ENTRY--TOPICAL TERM | |
| Topical term or geographic name entry element | Finance |
| Geographic subdivision | India. |
| 650 #0 - SUBJECT ADDED ENTRY--TOPICAL TERM | |
| Topical term or geographic name entry element | Investment banking |
| Geographic subdivision | India. |
No items available.